| 000 | 01247nam0a2200373 4500 | ||
|---|---|---|---|
| 001 | RU\NLR\bibl\371718 | ||
| 005 | 20250621163808.0 | ||
| 010 |
_a5-317-00575-2 _93000 |
||
| 021 |
_aRU _b2003-1729 _976 |
||
| 035 | _a(NLR Aleph) 000366233 | ||
| 090 |
_a366957 _c366957 |
||
| 100 | _a20030219d2002 |||y0rusy50 ca | ||
| 101 | 1 |
_arus _cger |
|
| 102 | _aRU | ||
| 105 | _ay ||||||||| | ||
| 200 | 1 |
_aДа здравствует нонцентрализм! _e[Пер. с нем.] _fРоберт Неф _gFriedrich Naumann Stiftung |
|
| 210 |
_aМ. _cМАКС-пресс _cФонд Ф. Науманна _d2002 |
||
| 215 |
_a95,[1] с. _d20 |
||
| 225 | 1 |
_aБиблиотека либерального чтения _v12 |
|
| 320 | _aБиблиогр.: с. 89-91 | ||
| 606 | 0 |
_aФедерализм _91675837 _3RU\NLR\auth\661042477 |
|
| 610 | 0 | _aФедерализм | |
| 610 | 0 | _aМестное самоуправление | |
| 675 |
_a342.2(470) _v3 _zrus |
||
| 686 |
_a10.15 _2rugasnti |
||
| 686 |
_a67.400 _2rubbk |
||
| 686 | _aФ3(0)12 | ||
| 700 | 1 |
_aНеф _bР. _gРоберт _4070 |
|
| 801 | 0 |
_aRU _bRKP _c20030219 _gPSBO |
|
| 801 | 1 |
_aRU _bRKP _c20030219 |
|
| 801 | 2 |
_aRU _bNLR _c20030314 _grcr |
|
| 942 | _cBOOK | ||
| 980 | _aNB | ||